Gaming Quiz

Random Gaming or Video Games Quiz
Score 0/90 Timer 12:00
0 Plays Today
% Correct
Scorpion
99.5%
Raiden
99.5%
Cyber
Sub-Zero
97.5%
Johnny
Cage
97.5%
Joker
97.5%
Sub-Zero
97%
Reptile
94.5%
Predator
94%
Goro
93%
Freddy
Krueger
92.5%
Spawn
92.5%
Liu Kang
92%
Sonya
Blade
92%
Mileena
91.5%
Kitana
91.5%
Smoke
90.5%
Kano
90.5%
Robocop
90.5%
Jax
89.9%
Noob Saibot
88.4%
Jade
88.4%
Kung Lao
87.9%
Baraka
87.4%
Jason
Voorhees
87.4%
Kratos
86.9%
Shao Kahn
86.4%
Leatherface
85.9%
Cyrax
85.4%
Nightwolf
85.4%
Sindel
84.9%
% Correct
Rain
84.4%
Shang
Tsung
83.9%
Stryker
83.9%
Ermac
83.4%
Alien
81.9%
Sektor
80.9%
Sheeva
80.4%
Kabal
79.9%
Terminator
79.9%
Rambo
78.4%
Cassie
Cage
75.9%
Frost
75.9%
Kintaro
75.4%
Quan Chi
75.4%
Motaro
73.4%
Kenshi
73.4%
Kotal Kahn
72.9%
Fujin
71.9%
Meat
71.9%
Skarlet
71.4%
Shinnok
69.3%
Tanya
68.3%
Bo' Rai Cho
68.3%
Erron Black
67.8%
Kollector
67.8%
D'Vorah
66.8%
Khameleon
66.3%
Jacqui
Briggs
66.3%
Geras
65.8%
Chameleon
65.3%
% Correct
Kronika
64.8%
Blaze
63.8%
Mokap
63.3%
Ferra-Torr
62.3%
Tremor
61.8%
Onaga
61.8%
Cetrion
60.8%
Kung Jin
59.8%
Nitara
58.8%
Takeda
58.8%
Triborg
58.8%
Reiko
58.3%
Hsu Hao
57.8%
Havik
57.8%
Kobra
57.8%
Mavado
56.8%
Shujinko
56.8%
Kai
56.3%
Li Mei
56.3%
Moloch
56.3%
Sareena
55.3%
Jarek
54.8%
Ashrah
54.8%
Hotaru
54.8%
Daegon
54.8%
Drahmin
54.3%
Kira
53.8%
Darrius
52.8%
Taven
52.3%
Dairou
51.8%
Remove Ads.
Support Sporcle.
Get the best of Sporcle when you Go Orange. This ad-free experience offers more features, more stats, and more fun while also helping to support Sporcle. Thank you for becoming a member.

You're not logged in!

Compare scores with friends on all Sporcle quizzes.
OR
Log In

Show Comments

Extras

Top Quizzes Today


Score Distribution

Your Account Isn't Verified!

In order to create a playlist on Sporcle, you need to verify the email address you used during registration. Go to your Sporcle Settings to finish the process.

Report this User

Report this user for behavior that violates our Community Guidelines.

Details: